Central Library and Information Centre
Sibsagar Girls' College, Sivasagar : Assam

OUTLINES OF BIOLOGY (Record no. 22652)

MARC details
000 -LEADER
fixed length control field 00464cam a2200181ua 4500
008 - FIXED-LENGTH DATA ELEMENTS--GENERAL INFORMATION
fixed length control field 180321n2012 II |||gr||||Z||||||eng
040 ## - CATALOGING SOURCE
Original cataloging agency MAIN
041 ## - LANGUAGE CODE
-- English
100 ## - MAIN ENTRY--PERSONAL NAME
Personal name DAS, K. S.,
Relator term AUTHOR.
245 1# - TITLE STATEMENT
Title OUTLINES OF BIOLOGY
250 ## - EDITION STATEMENT
Edition statement REP ED.
260 ## - PUBLICATION, DISTRIBUTION, ETC.
Place of publication, distribution, etc. NEW DELHI
Name of publisher, distributor, etc. NCBA (NEW CENTRAL BOOK AGENCY)
Date of publication, distribution, etc. 2012
300 ## - PHYSICAL DESCRIPTION
Extent 1-P.:
Dimensions 21+
Accompanying material PB.
500 ## - GENERAL NOTE
General note RUSA MDC GRANT 2014-2017
700 ## - ADDED ENTRY--PERSONAL NAME
Personal name MUKHERJI, J.B.,
Relator term AUTHOR.,
942 ## - ADDED ENTRY ELEMENTS (KOHA)
Koha item type Books

No items available.



Sibsagar Girl's College © 2020. All rights reserved.
Powered by Koha.
Maintained by Abhijit Borpuzari.